000 01820nam0a2200361 4500
001 RU\NLR\bibl\1651258
005 20260405204045.0
010 _a978-5-8044-1014-9
_9300
021 _aRU
_b2010-40322
_92701
035 _a(NLR Aleph) 001642577
090 _a871349
_c871349
100 _a20100701d2009 |||y0rusy50 ca
101 0 _arus
_aeng
_deng
102 _aRU
105 _aa |||||||||
200 1 _aВыемчатокрылые моли подсемейства Dichomeridinae (Lepidoptera,Gelechiidae) мировой фауны
_dGelechild moths of the subfamily Dichomeridinae (Lepidoptera,Gelechiidae) of the world
_fМ.Г. Пономаренко
_gРос. акад. наук, Дальневост. отд-ние биол.-почв. ин-т
_zeng
210 _aВладивосток
_cДальнаука
_d2009
215 _a388, [1] с., [2] л. цв. ил.
_cил.
_d25
300 _aВ конце кн. авт.: М.Г. Пономаренко - д.б.н., доц., проф.
300 _aАвт. также на англ. яз.: Margarita G. Ponomarenko
300 _aРез. на англ. яз.
320 _aБиблиогр.: с. 351-364
320 _aУказ. лат. назв. животных: с. 370-388
510 0 _6z20790
_aGelechild moths of the subfamily Dichomeridinae (Lepidoptera,Gelechiidae) of the world
_zeng
606 1 _aВыемчатокрылые моли
_91350757
_3RU\NLR\auth\66249386
686 _aЕ691.895.2Gel
700 1 _4070
_8rus
_7ca
_aПономаренко
_bМ. Г.
_gМаргарита Геннадьевна
_3RU\NLR\auth\7791356
_974283
790 1 _4070
_8rus
_7ba
_aPonomarenko
_bM. G.
_gMargarita Gennad'evna
_3RU\NLR\auth\7791357
_974284
801 0 _aRU
_bNLR
_c20100701
_gRCR
801 1 _aRU
_bNLR
_c20100701
942 _cBOOK
980 _aNB